Wireless Sensor and Actuator Network; (Record no. 5364)

MARC details
000 -LEADER
fixed length control field 00616nam a22001937a 4500
003 - CONTROL NUMBER IDENTIFIER
control field OSt
005 - DATE AND TIME OF LATEST TRANSACTION
control field 20161019132724.0
008 - FIXED-LENGTH DATA ELEMENTS--GENERAL INFORMATION
fixed length control field 161019b xxu||||| |||| 00| 0 eng d
020 ## - INTERNATIONAL STANDARD BOOK NUMBER
International Standard Book Number 9780470170823
040 ## - CATALOGING SOURCE
Transcribing agency DDC.
082 ## - DEWEY DECIMAL CLASSIFICATION NUMBER
Classification number 681.2WIR 2010;
100 ## - MAIN ENTRY--PERSONAL NAME
Personal name Nayak,Amiya;Stojmenovic,Ivan;
9 (RLIN) 11219
245 ## - TITLE STATEMENT
Title Wireless Sensor and Actuator Network;
Remainder of title Algolithms and Protocals for scalable Coordination and Data Communication;
260 ## - PUBLICATION, DISTRIBUTION, ETC. (IMPRINT)
Place of publication, distribution, etc. New Jersey;
Name of publisher, distributor, etc. John Wiley and Sons.
Date of publication, distribution, etc. 2010;
300 ## - PHYSICAL DESCRIPTION
Extent xv,300p;
Other physical details ill:
Dimensions 26cm.
504 ## - BIBLIOGRAPHY, ETC. NOTE
Bibliography, etc includes index.
650 ## - SUBJECT ADDED ENTRY--TOPICAL TERM
Topical term or geographic name as entry element Data communication;
9 (RLIN) 10947
942 ## - ADDED ENTRY ELEMENTS (KOHA)
Source of classification or shelving scheme Dewey Decimal Classification
Koha item type Open Shelf
Holdings
Withdrawn status Lost status Source of classification or shelving scheme Damaged status Not for loan Home library Current library Date acquired Source of acquisition Inventory number Total Checkouts Full call number Barcode Date last seen Price effective from Koha item type
    Dewey Decimal Classification     MUST Main Library MUST Main Library 19/10/2016   14/37833   681.2WIR 2010; 2016-4831 19/10/2016 19/10/2016 Open Shelf